| 000 | 00595nam a2200229Ia 4500 | ||
|---|---|---|---|
| 003 | OSt | ||
| 005 | 20221007064105.0 | ||
| 006 | a|||||r|||| 00| 0 | ||
| 007 | ta | ||
| 008 | 221006b |||||||| |||| 00| 0 eng d | ||
| 024 | _a27,345 | ||
| 037 | _cTextual | ||
| 040 |
_aFLL _cFLL _beng |
||
| 041 |
_2eng _aeng |
||
| 082 | _aZ52, G6 | ||
| 100 |
_aBuckland W.W. _9685014 |
||
| 245 | 0 | _aRoman law & common law | |
| 260 |
_aCambridge _bUniversity Press London _c1936 |
||
| 300 |
_axviii,1-353p _ccm. |
||
| 942 |
_hZ52, G6 _cTEXL _2CC |
||
| 999 |
_c1132983 _d1132983 |
||